L'empire colonial français : de l'histoire aux héritages (notice n° 1706018)

détails MARC
000 -LEADER
fixed length control field 01506cam a2200133 4500500
005 - DATE AND TIME OF LATEST TRANSACTION
control field 20260322000424.0
041 ## - LANGUAGE CODE
Language code of text/sound track or separate title fre
042 ## - AUTHENTICATION CODE
Authentication code dc
100 10 - MAIN ENTRY--PERSONAL NAME
Personal name Bonin, Hubert
Relator term author
245 00 - TITLE STATEMENT
Title L'empire colonial français : de l'histoire aux héritages
260 ## - PUBLICATION, DISTRIBUTION, ETC.
Name of publisher, distributor, etc. Armand Colin,<br/>
Date of publication, distribution, etc. 2025.<br/>
520 ## - SUMMARY, ETC.
Summary, etc. Aux XIXe et XXe siècles, la France s’est affirmée comme une grande puissance coloniale (Maghreb, Afrique, Asie, Océanie). Elle a été marquée par une politique d’expansion inscrite dans son histoire politique, économique, culturelle. Cet ouvrage aborde les débats qu’elle a suscités: effets de ces politiques en Métropole et dans les pays colonisés, organisation, contrôle et exploitation de ces territoires, cultures ultramarines, interaction entre colonisateurs et colonisés, montée des mouvements d’indépendance… Ces questions montrent le poids d’un héritage toujours vivant où tabous, mémoires, identitarisme et troubles sociétaux n’en finissent pas de faire (re)vivre cette France colonisatrice.Afin de nourrir ces discussions et d’en apporter un écho, des parties thématiques confrontent les faits, leurs effets matériels, humains et culturels au cours de l’Histoire, et les héritages transmis au temps présent. Une large bibliographie est reliée à chaque chapitre, ce qui facilite son utilisation.
856 41 - ELECTRONIC LOCATION AND ACCESS
Uniform Resource Identifier <a href="https://shs.cairn.info/l-empire-colonial-francais-de-l-histoire-aux-heritages-2e-ed--9782200639679?lang=fr&redirect-ssocas=7080">https://shs.cairn.info/l-empire-colonial-francais-de-l-histoire-aux-heritages-2e-ed--9782200639679?lang=fr&redirect-ssocas=7080</a>

Pas d'exemplaire disponible.

PLUDOC

PLUDOC est la plateforme unique et centralisée de gestion des bibliothèques physiques et numériques de Guinée administré par le CEDUST. Elle est la plus grande base de données de ressources documentaires pour les Étudiants, Enseignants chercheurs et Chercheurs de Guinée.

Adresse

627 919 101/664 919 101

25 boulevard du commerce
Kaloum, Conakry, Guinée

Réseaux sociaux

Powered by Netsen Group @ 2025